000 01676nam a2200289Ia 4500
999 _c55060
_d55060
001 22135
003 GE_BSU
005 20221116155634.0
008 181216s ||||ge |||||||||||||| ||geo||
020 _a9789941290220
040 _cGE_BSU
041 _ageo
080 _a174 გ-48
100 _aგიგაური, რამაზ(ლაქშმი რავი რამანანდა)
_915864
245 _aწარმატების 365 გასაღები :
_b წიგნი, რომელიც თქვენს ცხოვრებას უკეთესობისკენ შეცვლის /
_cრედაქტორი თეა ბარამაშვილი ; დიზაინერი ეთო გზირიშვილი.
264 _aთბილისი :
_bპალიტრა L,
_c2018.
300 _a436 გვ. ;
_c22 სმ.
490 _aლურჯი ოკეანე - წარმატების ბიბლიოთეკა
541 _h10ლ.50თ.
653 _aპროფესიული ეთიკა
653 _aწარმატების 365 გასაღები : წიგნი, რომელიც თქვენს ცხოვრებას უკეთესობისკენ შეცვლის
653 _aწარმატების ფსიქოლოგია
653 _aმიზანსწრაფულობა
700 _aბარამაშვილი, თეა
_eრედაქტორი
_915865
700 _aგზირიშვილი, ეთო
_eდიზაინერი
_911677
942 _cBK
_2udc